000 00692cam a2200217 a 4500
001 000015075
005 20200929163939.0
008 880627s1986 ag 000 f spa
020 _a950515108X
040 _aDO-SdBNP
_bspa
_cDLC
_dBNPHU
082 _aPR863.44
_bR175v
100 1 _aRamos, Juan Antonio,
_d1948-
_922420
245 1 0 _aVive y vacila /
_cJuan Antonio Ramos.
260 _aBuenos Aires, (Argentina) :
_bEdiciones de la Flor,
_c1986.
300 _a110 p. ;
_c20 cm.
590 _aPrimer ejemplar autobiografiado por el autor.
650 4 _aNovela puertorriqueña
_91185
650 4 _aLiteratura puertorriqueña
_9250
910 _aCatalogación por copia / LC
049 _aBNGR
999 _c14647
_d14647